000 01406nam a22002897a 4500
001 9993
003 FISKH
005 20260324153919.0
008 260324b cb ||||| |||| 00| 0 eng d
020 _a078814000790
040 _aFISKH
_beng
_cFISKH
_dFISKH
050 _aPZ7 .W6458 .G5
082 _a813.54
100 _aWilde , Irma
245 _aThe giraffe who went to school /
_cStory and pictures by Irma Wilde
260 _aLos Angeles :
_bWonder Books ,
_c1951 .
300 _a23 unnumbered pages :
_bcolor illustrations ;
_c21 cm .
505 _aK
520 _aThis charming children’s story is about a young giraffe who goes to school for the first time. Because of his very long neck and tall body, he finds it difficult to fit in with the other students. Simple things like sitting in the classroom, joining activities, or feeling comfortable become a challenge. At first, the giraffe feels different and a bit left out. However, as the story continues, the teacher and classmates begin to understand him better and help him adjust. They find ways to include him, and the giraffe learns that being different is okay.
521 8 _a510
_bLexile estimate
521 8 _aK
_bRaz-Plus
650 _aGiraffe
_vChildren's fiction
650 _aBack to school
_vChildren's fiction
700 _aWilde , Irma
_eIllustrator
942 _2ddc
_cBK
_n0
999 _c9993
_d9993